Top US Cities by 'A' States Quiz Stats

 Plays Quiz Updated Aug 29, 2016

Challenge
Share
Tweet
Embed
Score 0/22 Timer 05:00
15 Plays Today
Rank City % Correct
1Phoenix, AZ
93.3%
11Little Rock, AR
87.3%
4Anchorage, AK
86.4%
9Birmingham, AL
78.1%
10Montgomery, AL
77%
2Tucson, AZ
75.2%
12Mobile, AL
66.3%
3Mesa, AZ
58.4%
8Scottsdale, AZ
52.7%
14Tempe, AZ
46.1%
7Glendale, AZ
45.6%
Rank City % Correct
17Tuscaloosa, AL
39.7%
13Huntsville, AL
35.5%
21Fayetteville, AR
33.9%
5Chandler, AZ
31.3%
19Fort Smith, AR
25.9%
18Yuma, AZ
25%
6Gilbert, AZ
24%
15Peoria, AZ
20.1%
16Surprise, AZ
15.6%
20Hoover, AL
9.3%
22Avondale, AZ
6%

You're not logged in!

Compare scores with friends on all Sporcle quizzes.
OR
Log In

You Might Also Like...

Show Comments

Extras

Top Quizzes Today


Score Distribution

Your Account Isn't Verified!

In order to create a playlist on Sporcle, you need to verify the email address you used during registration. Go to your Sporcle Settings to finish the process.

Report this User

Report this user for behavior that violates our Community Guidelines.

Details: